鶴見線の駅 [路線図] - Statistics

General Stats
  • This quiz has been taken 57 times
  • The average score is 11 of 13
Answers on the Map
Answers color-coded by a green-red scale on the quiz's map according to % correct below.
 
Answer Stats
Answer % Correct
鶴見
98%
海芝浦
96%
大川
94%
新芝浦
89%
国道
87%
浜川崎
87%
浅野
79%
安善
79%
扇町
77%
武蔵白石
74%
鶴見小野
70%
昭和
62%
弁天橋
60%
No matching quizzes found
Score Distribution
Percent of People with Each Score
Percentile by Number Answered
Your Score History
You have not taken this quiz